Matanzas en su arquitectura ensayo
Сохранить в:
| Главный автор: | |
|---|---|
| Формат: | |
| Язык: | Spanish |
| Опубликовано: |
La Habana, Cuba
Editorial Letras Cubanas
1993
|
| Предметы: | |
| Метки: |
Добавить метку
Нет меток, Требуется 1-ая метка записи!
|
MARC
| LEADER | 00000nam a22000007a 4500 | ||
|---|---|---|---|
| 007 | ta | ||
| 008 | 140319s1933 cu |||f |||| 000 0 spa d | ||
| 040 | |a cru CIICLA Universidad de Costa Rica | ||
| 082 | |a 720.972.91 C843m | ||
| 100 | 1 | |a Cotarelo Grego, Ramón | |
| 245 | |a Matanzas en su arquitectura |b ensayo |c Ramón Cotarelo | ||
| 260 | |a La Habana, Cuba |b Editorial Letras Cubanas |c 1993 | ||
| 300 | |a 164 páginas | ||
| 650 | 1 | 7 | |a ARQUITECTURA CUBANA |z MATANZAS (CUBA) |
| 942 | |2 ddc |c BK | ||
| 999 | |c 3244 |d 3244 | ||
